01260nas a2200313 4500001001000000003000900010005001700019007000300036008003400039040005400073041000900127072000800136100001700144100002300161100002000184100002000204245015900224246014900383650001200532650001600544650001600560650001800576650001600594773010600610909004000716942001800756999001900774952015300793BR8301679BR-BrBNA20231205085516.0ta230509b bl.|||p| |||| 00| 00por d aBR-BrBNAbporcBiblioteca Nacional de Agricultura a(En) aL301 aLima, F.A.M.1 aFigueiredo, E.A.P.1 aSimplicio, A.A.1 aLeon, F.A.P. de1 aTraditional system of goat management, 1: pre-weaning growth performance of the SRD (non-descript)goats [caprino, crescimento, aleitamento, ganho de peso]1 aTraditional system of goat management, 1: pre-weaning growth performance of the SRD (non-descript)goats [caprine, growth, suckling, weight gain] aCAPRINO aCRESCIMENTO aALEITAMENTO aGANHO DE PESO aPERFORMANCE0 tPesquisa Agropecuaria Brasileira (Brazil)xISSN 0100-204Xg(May 1983), v. 18(5) p. 557-563wBR8301679 a202311bLúciac55dLúcia Elande 2AGRISn0cANA c111867d111867 002AGRIS4071a41918b41918cPeriódicos Agrícolash(May 1983), v. 18(5) p. 557-563l0r2023-11-29t01yCRePortaria Interministerial nº 164/94